LEADER 00869nam a2200229 i 4500 001 000000090793 003 CaOOAMICUS 005 20260325121102.0 008 151126s1698 xx u000 u fre u 013 $a63035 026 $aitns e-du hes. qure (3) 1698 (R) 040 $aSeMil$bita 245 10$aTome 1. 300 $a[36], 520, [20] p. 500 $aSegn.: pg2 a12 e4 A-Y12 Z6. 773 0 $tEloges historiques des saints, avec les misteres de Nôtre Seigneur, & les Fêtes de la Vierge, pour tout le cours de l'année. Tome 1. [-4.].$dA Paris : Chez Jean & Nicolsa Couterot ruë S. Jacques aux Cicognes, 1698-1701.$g1$w()4225 850 $aSeMil 852 $aSeMil$W1$xVenegono$y1$m3J I 29 FA$j53760$B53760$CSeMilBibl$Z2$F58394 $8I 941 1 $a10 961 $aRecupero: Mantegazza 996 $6245$aTome 1$9(OLS)http://semarc/title/1447 LEADER 01319nam a2200313 i 4500 001 000000259207 003 CaOOAMICUS 005 20180717000000.0 008 180717s2001 it u000 u ita u 013 $a238115 020 $a88-8227-108-0 040 $aSeMil$bita 100 1 $aThévenot, Xavier,$c.$0(OLS)http://semarc/name/16901 240 10$aAvance en eau profonde!.$0(OLS)http://semarc/title/414015 245 10$aAvanza su acque profonde /$cXavier Thévenot. 260 $aMagnano :$bQiqajon,$c2001. 300 $a172 p. ;$c21 cm. 490 0 $aSequela oggi 650 4$aBibbia - Meditazioni.$0(OLS)http://semarc/subject/2560 650 4$aCristianesimo - Meditazioni.$0(OLS)http://semarc/subject/1977 650 4$aVita cristiana - Meditazioni.$0(OLS)http://semarc/subject/1353 650 4$aCristianesimo - Spiritualità.$0(OLS)http://semarc/subject/2807 830 0$aSequela oggi.$0(OLS)http://semarc/title/9989 850 $aSeMil 852 $aSeMil$W1$xVenegono$y1$m2C III 480$j209552$B209552$CSeMilBibl$Z2$F223271 $81 961 $aOmaggio: Giacomoni Silvia 996 $6020$a88-8227-108-0$9(OLS)http://semarc/number/284834 996 $6245$aAvanza su acque profonde$9(OLS)http://semarc/title/414014 996 $6260$aMagnano :$bQiqajon$9(OLS)http://semarc/publisher/32326